000 00349nam a2200133 4500
005 20260530113851.0
100 1 _aNokes and Greenwod
_931274
245 1 0 _aLa Guía definitiva de Proyectos
264 1 _bFT Prentice Hall
_c2007
300 _a242 páginas
336 _atexto
_2rdacontent
337 _asin medio
_2rdamedia
338 _avolumen
_2rdacarrier
999 _c11468
_d11468